000 00752nam a22002531c 4500
001 a987688751
008 171127s1986 gw a||| 000u ger d
020 _a3880127247
_93-88012-724-7
041 _ager
100 1 _aBerežkov, Valentin M.
245 0 0 _aErlebte Geschichte :
_b1940 - 1943 ; Dolmetscher und Diplomat gegen Faschismus und Krieg /
_cValentin M. Bereshkow
264 _aFrankfurt am Main :
_bMarxist. Blätter,
_c1986
300 _a248 S. : Ill
650 0 _aKrieg
650 0 _aAußenbeziehung
650 0 _aDiplomatische Beziehungen
651 0 _aDeutschland
651 0 _aSowjetunion
655 0 _aErlebnisbericht
942 _cMG
040 _cRU-10907106
003 RU-10907106
999 _c48376
_d48376
490 0 _aMarxistische Paperbacks
_v119